00796nam a2200193Ia 4500003000900000008004100009020001800050040001600068080001500084111009000099245020500189260005800394300001300452650001800465650002300483650002700506650004300533700002600576IN-BaIIA211028s9999 xx 000 0 eng d a0-88202-033-1 cIIA Library a524.5bTHE aSymposium Honoring Fred Lawrence Whipple on His RetirementcNew Yorkd1973 Oct. 17-19 4aThe dusty universebproceedings of a symposium honoring Fred Lawrence Whipple on his retirement as director of the Smithsonian astrophysical observatorycedited by George B. Field and A. G. W. Cameron aNew YorkbSmithsonian Astrophysical Observatoryc1975 ax, 323p. a Cosmic dust a Dusty universe  a Interseller matter  aAstronomy and astrophysics thesaurus  aField, George B., ed.